00309nam a2200145Ia 4500003000900000005001700009008004100026040001300067040001300080041000800093100002100101245002700122300000800149490000600157IT-RoPAU20220918175526.0120407s9999 xx 000 0 und d aIT-RoPAU cIT-RoPAU aita aSeverino Dianich aIl prete. A che serve? c cm v1